000 00327 a2200145 4500
001 152957
040 _cEscola São Tomás de Aquino
100 _aROCHA, Ruth
240 1 0 _aHistorinhas malcriadas
_lpor
245 1 0 _aHistorinhas malcriadas
300 _a37
362 0 _a2012
697 _a*LITERATURA INFANTO
942 _cBK
999 _c152957
_d152957